Tesis doctorales y trabajos de investigación científica: metodología general de su elaboración y documentación

Spremljeno u:
Bibliografski detalji
Glavni autor: Sierra Bravo, Restituto (Autor)
Format: Knjiga
Jezik:španjolski
Izdano: Madrid Paraninfo 1988
Izdanje:2a. ed
Teme:
Oznake: Dodaj oznaku
Bez oznaka, Budi prvi tko označuje ovaj zapis!

MARC

LEADER 00000nam a2200000 a 4500
001 UCW3928
003 CL-VaPUC
005 20231214133326.0
008 890607e19880000SP |||||||||||||||||spa|d
999 |c 217780  |d 217778 
040 |c Pontificia Universidad Católica de Valparaíso 
082 0 4 |a 001.4  |b SIE  |2 21 
100 0 |a Sierra Bravo, Restituto  |e author  |9 308362 
245 1 0 |a Tesis doctorales y trabajos de investigación científica: metodología general de su elaboración y documentación 
250 |a 2a. ed 
260 |a Madrid  |b Paraninfo  |c 1988 
300 |a 479 p 
583 |a last modification  |c 19890607 00:00:00  |k Rodrigo Vera 
650 0 |a Investigación  |9 883899  |x Metodología 
650 0 |a Documentación  |9 886517 
650 0 |a Redacción  |9 477113  |x Informes 
942 |c BK  |2 ddc 
945 |d 19890607 00:00:00  |a mfernand 
952 |0 0  |1 0  |4 0  |6 001_400000000000000_SIE_1988  |7 0  |8 A  |9 206199  |a BIBEDU  |b BIBEDU  |d 2019-11-15  |i 2739801  |o 001.4 SIE 1988  |p 2739801  |r 2019-11-15  |w 2019-11-15  |y BK  |k EDU 
952 |0 0  |1 0  |4 0  |6 001_400000000000000_SIE_1988  |7 0  |8 A  |9 206200  |a BIBENE  |b BIBENE  |d 2019-11-15  |i 273981K  |o 001.4 SIE 1988  |p 273981K  |r 2025-01-15  |w 2019-11-15  |y BK  |k ICO 
952 |0 0  |1 0  |4 0  |6 001_400000000000000_SIE_1988  |7 0  |8 A  |9 206201  |a BIBTEO  |b BIBTEO  |d 2019-11-15  |i 2739828  |l 2  |o 001.4 SIE 1988  |p 2739828  |r 2025-01-17  |s 2024-09-27  |w 2019-11-15  |y BK  |k ICR 
952 |0 0  |1 0  |4 0  |6 001_400000000000000_SIE_1988  |7 0  |8 A  |9 206203  |a BIBEDU  |b BIBEDU  |d 2019-11-15  |i 3013170  |l 2  |o 001.4 SIE 1988  |p 3013170  |r 2022-08-26  |s 2022-08-26  |w 2019-11-15  |y BK  |k PSI